000 00294nam a2200109 a 4500
001 000031115
005 20200930062720.0
008 110613s1915 dr r 000 0 spa d
245 0 _aFinancial report of the dominican customs receivership.
260 _aSanto Domingo,
_c1915.
999 _c30607
_d30607
040 _aDO-SdBNP